Sobre la muerte

Saved in:
Bibliografiske detaljer
Hovedforfatter: González de Cardedal, Olegario (Author)
Format: Bog
Sprog:spansk
Udgivet: Salamanca Sígueme 2012
Udgivelse:1a. ed
Serier:Verdad e Imagen, 157
Fag:
Tags: Tilføj Tag
Ingen Tags, Vær først til at tagge denne postø!

MARC

LEADER 00000cam a2200000 a 4500
001 UCC1876
003 CL-VaPUC
008 171201e20120000sp |||||||||||||||||spa|d
020 |a 9788430118168 
082 0 4 |a 231  |b GON  |2 21 
100 0 |a González de Cardedal, Olegario  |e author  |9 495813 
245 1 0 |a Sobre la muerte 
250 |a 1a. ed 
300 |a 189 p 
942 |c BK 
945 |d 20171201 13:56:00  |a arojas 
260 |a Salamanca  |b Sígueme  |c 2012 
650 0 |a Teología   |9 258766 
650 0 |a Muerte  |9 265114 
650 0 |a Existencia de Dios   |9 266954 
583 |a last modification  |c 20190830 08:42:08  |k Rodrigo Vera 
490 0 |a Verdad e Imagen, 157 
999 |c 370215  |d 370213 
952 |0 0  |1 0  |3 erd  |4 0  |6 231_000000000000000_GON_2012  |7 0  |8 A  |9 486560  |a BIBTEO  |b BIBTEO  |i 5440017  |o 231 GON 2012  |p 5440017  |r 2025-01-17  |w 2019-11-24  |y BK  |z Catalogado en:20171201  |k ICR